College Football Matchups: Alabama - Statistics

General Stats
  • This quiz has been taken 380 times
    73 since last reset
  • The average score is 12 of 16
Answer Stats
Games Opponent Subdivision % Correct
90 Auburn Power 4
98%
76 Georgia Power 4
95%
71 Ole Miss Power 4
94%
42 Florida Power 4
90%
108 Mississippi State Power 4
89%
108 Tennessee Power 4
87%
90 LSU Power 4
86%
87 Vanderbilt Power 4
79%
42 Kentucky Power 4
78%
*18 South Carolina Power 4
76%
34 Arkansas Power 4
75%
52 Georgia Tech Power 4
65%
19 Clemson Power 4
60%
41 Tulane Group of 5
59%
45 Southern Miss Group of 5
29%
21 Samford FCS
17%
No matching quizzes found
Score Distribution
Percent of People with Each Score
Percentile by Number Answered
Your Score History
You have not taken this quiz since the last reset